Score 0/20 Timer 03:00
1 Play Today
Question Answer Wrong Answers
Franchise
Duke Nukem
Duke Nukem
87.5%
Gordon Freeman
2.9%
Master Chief
1.3%
Doom Slayer
2%
Character
Duke Nukem
Duke Nukem
87.4%
Gordon Freeman
3.2%
Master Chief
1.7%
Doom Slayer
1.4%
Description
An American man from Seattle, who graduated from MIT with a PhD in Theoretical Physics.
Gordon Freeman
87.2%
Duke Nukem
3.8%
Master Chief
1.6%
Doom Slayer
1.4%
Franchise
Half-Life
Gordon Freeman
86.8%
Duke Nukem
2.5%
Master Chief
2.3%
Doom Slayer
2.1%
Franchise
Halo
Master Chief
86.7%
Gordon Freeman
2.7%
Duke Nukem
2.2%
Doom Slayer
1.9%
Character
Gordon Freeman
Gordon Freeman
85.9%
Duke Nukem
3.8%
Master Chief
1.8%
Doom Slayer
2.2%
Character
Master Chief
Master Chief
84.9%
Gordon Freeman
4.4%
Duke Nukem
2.4%
Doom Slayer
1.9%
Description
Macho, wise-cracking American hero.
Duke Nukem
84.6%
Gordon Freeman
5.1%
Master Chief
1.8%
Doom Slayer
2.3%
Developer
Valve
Gordon Freeman
83.1%
Duke Nukem
4%
Master Chief
3.8%
Doom Slayer
3.2%
Franchise
Doom
Doom Slayer
81.9%
Gordon Freeman
3%
Duke Nukem
5.4%
Master Chief
3.5%
Character
Doom Slayer/Marine
Doom Slayer
81.4%
Gordon Freeman
2.7%
Duke Nukem
5.8%
Master Chief
3.3%
Created by
Gabe Newell
Gordon Freeman
75.2%
Duke Nukem
7.3%
Master Chief
4.2%
Doom Slayer
6.2%
Developer
Bungie
Master Chief
69.4%
Gordon Freeman
8.7%
Duke Nukem
7.7%
Doom Slayer
7.7%
Description
A towering biochemically and cybernetically-enhanced supersoldier.
Master Chief
64.2%
Gordon Freeman
4.4%
Duke Nukem
7.7%
Doom Slayer
17.1%
Developer
Apogee Software
Duke Nukem
59.5%
Gordon Freeman
12.2%
Master Chief
8.1%
Doom Slayer
13.5%
Developer
id Software
Doom Slayer
56.5%
Gordon Freeman
12.4%
Duke Nukem
17.4%
Master Chief
6.7%
Created by
John Romero
Doom Slayer
48.6%
Gordon Freeman
11.9%
Duke Nukem
25.1%
Master Chief
8.4%
Description
A 6 ft. tall anonymous space marine.
Doom Slayer
48.1%
Gordon Freeman
2.6%
Duke Nukem
3.8%
Master Chief
39%
Created by
George Broussard
Scott Miller
Jim Norwood
Todd Replogle
Duke Nukem
43.3%
Gordon Freeman
21.2%
Master Chief
14.8%
Doom Slayer
14.1%
Created by
Robert McLees
Marcus Lehto
Shi Kai Wang
Master Chief
37.5%
Gordon Freeman
18.8%
Duke Nukem
18.4%
Doom Slayer
18.3%
Remove Ads.
Support Sporcle.
Get the best of Sporcle when you Go Orange. This ad-free experience offers more features, more stats, and more fun while also helping to support Sporcle. Thank you for becoming a member.

You're not logged in!

Compare scores with friends on all Sporcle quizzes.
OR
Log In

Sporcle TV

Today on Sporcle TV


Watch our educational content, quiz creation guides, and fun videos on Sporcle TV.

Show Comments

Extras

Top Quizzes Today


Score Distribution

Paid Content

Your Account Isn't Verified!

In order to create a playlist on Sporcle, you need to verify the email address you used during registration. Go to your Sporcle Settings to finish the process.

Report this User

Report this user for behavior that violates our Community Guidelines.

Details: